<?xml version="1.0" encoding="UTF-8"?><?xml-stylesheet type="text/xsl" href="static/style.xsl"?><OAI-PMH xmlns="http://www.openarchives.org/OAI/2.0/" xmlns:xsi="http://www.w3.org/2001/XMLSchema-instance" xsi:schemaLocation="http://www.openarchives.org/OAI/2.0/ http://www.openarchives.org/OAI/2.0/OAI-PMH.xsd"><responseDate>2026-04-13T02:48:34Z</responseDate><request verb="GetRecord" identifier="oai:www.recercat.cat:2117/342198" metadataPrefix="marc">https://recercat.cat/oai/request</request><GetRecord><record><header><identifier>oai:recercat.cat:2117/342198</identifier><datestamp>2025-07-22T21:52:32Z</datestamp><setSpec>com_2072_1033</setSpec><setSpec>col_2072_452951</setSpec></header><metadata><record xmlns="http://www.loc.gov/MARC21/slim" xmlns:dcterms="http://purl.org/dc/terms/" xmlns:xsi="http://www.w3.org/2001/XMLSchema-instance" xmlns:doc="http://www.lyncode.com/xoai" xsi:schemaLocation="http://www.loc.gov/MARC21/slim http://www.loc.gov/standards/marcxml/schema/MARC21slim.xsd">
   <leader>00925njm 22002777a 4500</leader>
   <datafield ind2=" " ind1=" " tag="042">
      <subfield code="a">dc</subfield>
   </datafield>
   <datafield ind2=" " ind1=" " tag="720">
      <subfield code="a">González Montes, Francesc</subfield>
      <subfield code="e">author</subfield>
   </datafield>
   <datafield ind2=" " ind1=" " tag="260">
      <subfield code="c">2021-01-13</subfield>
   </datafield>
   <datafield ind2=" " ind1=" " tag="520">
      <subfield code="a">En aquest projecte es presenta l'estudi i disseny de les diferents parts que conformen una motocicleta elèctrica de competició que ha estat desenvolupada per a la competició internacional de MotoStudent de 2021, reflectint el treball realitzat per part de l'equip de MotoSpirit en aquesta última edició. Aquest projecte es centra en el disseny i desenvolupament, exposant i aportant raons per a analitzar i justificar cada component que apareix en el prototip dissenyat. Inicialment, s'exposen els components principals que formen la motocicleta, per a situar i organitzar els termes que posteriorment s'analitzen. Seguidament, es presenten els diferents requeriments i conceptes de disseny que necessaris i determinants pel desenvolupament del procés de disseny, per a posteriorment procedir a realitzar una anàlisi, elecció i justificació de les alternatives. Després, es procedeix al modelatge de les diferents peces i elements a dissenyar, on cada disseny serà simulat mitjançant un estudi d'elements finits amb la finalitat de valorar el rendiment de les propostes dissenyades i la seva seguretat. Les simulacions es realitzaran sobre la base de les situacions crítiques que prensenta el prototip durant el seu funcionament, sempre tenint present el concepte de competició. Finalment es mostra el resultat del disseny complet del prototip, amb tots els sistemes estudiats al llarg del projecte.</subfield>
   </datafield>
   <datafield ind2=" " ind1=" " tag="520">
      <subfield code="a">En este proyecto se presenta el estudio y diseño de las distintas partes que conforman una motocicleta eléctrica de competición que ha sido desarrollada para la competición internacional de MotoStudent de 2021, reflejando el trabajo realizado por parte del equipo de MotoSpirit en esta última edición. Este proyecto se centra en el diseño y desarrollo, exponiendo y aportando razones para analizar y justificar cada componente que aparece en el prototipo diseñado. Inicialmente, se exponen los componentes principales que forman la motocicleta, para situar y organizar los términos que posteriormente se analizan. Seguidamente, se presentan los diferentes requerimientos y conceptos de diseño que determinaran el desarrollo del proceso de diseño para posteriormente proceder a realizar un análisis, elección y justificación de las alternativas. Después, se procede al modelado de las diferentes piezas y elementos a diseñar, donde cada diseño será simulado mediante un estudio de elementos finitos con la finalidad de valorar el rendimiento de las propuestas diseñadas y su seguridad. Las simulaciones se realizarán en base a las situaciones críticas que presenta el prototipo durante su funcionamiento, siempre teniendo presente el concepto de competición. Finalmente se muestra el resultado del diseño del prototipo completo, con todos los sistemas estudiados a lo largo del proyecto.</subfield>
   </datafield>
   <datafield ind2=" " ind1=" " tag="520">
      <subfield code="a">This project presents the study and design of the different parts that conform an electric competition motorcycle which has been developed for the international competition of MotoStudent in 2021, reflecting the work done by MotoSpirit team in latest edition. This project focuses on both design and development, exposing and providing reasons to analyse and justify each component appearing in the designed prototype. Initially, the main components that conform the prototype are exposed, in order to locate and organise the terms that are subsequently analysed. Next, the different requirements and design concepts that will determine the development of the design process are presented, and after that, an analysis, selection and justification of the alternatives is made. Afterwards, the different pieces and elements to be designed are modelled, where each design will be simulated through a study of finite elements with the aim of assessing the performance of the designed proposals and their safety. The simulations will be carried out based on the critical situations presented by the prototype during its operation, always bearing in mind the concept of competition. Finally, the result of the design of the complete prototype is shown, with all the systems studied throughout the project.</subfield>
   </datafield>
   <datafield tag="653" ind2=" " ind1=" ">
      <subfield code="a">Àrees temàtiques de la UPC::Enginyeria mecànica::Disseny i construcció de vehicles</subfield>
   </datafield>
   <datafield tag="653" ind2=" " ind1=" ">
      <subfield code="a">Electric motorcycles</subfield>
   </datafield>
   <datafield tag="653" ind2=" " ind1=" ">
      <subfield code="a">Estudio</subfield>
   </datafield>
   <datafield tag="653" ind2=" " ind1=" ">
      <subfield code="a">Análisis</subfield>
   </datafield>
   <datafield tag="653" ind2=" " ind1=" ">
      <subfield code="a">Diseño</subfield>
   </datafield>
   <datafield tag="653" ind2=" " ind1=" ">
      <subfield code="a">Motocicleta eléctrica</subfield>
   </datafield>
   <datafield tag="653" ind2=" " ind1=" ">
      <subfield code="a">Competición</subfield>
   </datafield>
   <datafield tag="653" ind2=" " ind1=" ">
      <subfield code="a">Carreras</subfield>
   </datafield>
   <datafield tag="653" ind2=" " ind1=" ">
      <subfield code="a">Motocicletes elèctriques</subfield>
   </datafield>
   <datafield tag="653" ind2=" " ind1=" ">
      <subfield code="a">Motocicletes de competició</subfield>
   </datafield>
   <datafield ind2="0" ind1="0" tag="245">
      <subfield code="a">Estudio mecánico y análisis del diseño de un prototipo de motocicleta eléctrica de carreras</subfield>
   </datafield>
</record></metadata></record></GetRecord></OAI-PMH>